000 00680nam a22002297a 4500
003 UA-OsUOA
001 124281
007 ta
008 20170803b un ||||| |||| 00| 0 ukr d
090 _a343.25(082)
_bП68
942 _cBK
040 _aUA-OsUOA
_brus
_cUA-OsUOA
_dUA-OsUOA
245 _aПраво на смертную казнь
_bсборник статей
_cпод ред. А. В. Малько
300 _a224 с.
955 _a1
041 _arus
080 _a343.25(082)
020 _a5-98623-002-7
260 _aМ.
_bЧастное право
_c2004
650 7 _a343 Кримінальне право. Карні порушення
_2UDC
999 _c412262
_d412262